|
|
|
|
| LEADER |
00000naa a2200000 i 4500 |
| 001 |
publ905 |
| 005 |
20180126101039.0 |
| 008 |
180126s2017 hu o 000 zxx d |
| 040 |
|
|
|a BGE Publikációtár Repozitórium
|b hun
|
| 100 |
1 |
|
|a Majoros Pál
|
| 245 |
1 |
0 |
|a China in the Network of Regional Integrations
|c Majoros Pál
|h [elektronikus dokumentum]
|
| 260 |
|
|
|a Budapesti Gazdasági Egyetem
|c 2017
|
| 300 |
|
|
|a 31-48
|
| 490 |
0 |
|
|a China’s Attraction: The Case of Central Europe
|
| 650 |
|
4 |
|a politikatudományok
|
| 695 |
|
|
|a Kína
|
| 695 |
|
|
|a integráció (gazdasági, politikai stb. egyesülés)
|
| 856 |
4 |
0 |
|u https://publikaciotar.uni-bge.hu/id/eprint/905/1/majoros.pdf
|z Dokumentum-elérés
|